| 000 | 00963nam a2200253 a 4500 | ||
|---|---|---|---|
| 001 | 000021767 | ||
| 005 | 20200930011436.0 | ||
| 008 | 100911s1970 mx r 000 0 spa d | ||
| 040 |
_aDO-SdBNP _bspa _cBNPHU |
||
| 041 | 1 | 7 |
_aspa _hfre _2Código de idioma MARC |
| 082 |
_annnn _bG411i |
||
| 100 | 1 |
_aGheerbrant, Alain, _945231 |
|
| 240 | 1 | 2 |
_aL´église rebelle d´Amérique Latine. _lEspañol. |
| 245 | 1 | 3 |
_aLa iglesia de rebelde de América Latina / _cAlain Gheerbrant ; traducción de Carlos Gerhard y Florentino M. Torner. |
| 260 |
_aMéxico : _bSiglo xxi, _c1970. |
||
| 300 |
_a319 p. ; _c21 cm. |
||
| 490 | 1 | _aEl hombre y sus obras | |
| 504 | _aIncluye referencias bibliográficas y notas al pie de las páginas. | ||
| 534 |
_pTítulo original en francés: _tL´église rebelle d´Amérique Latine. |
||
| 700 | 1 |
_aGerhard, Carlos, _etr. _95131 |
|
| 700 | 1 |
_aTorner, Florentino M., _etr. _945232 |
|
| 830 | 3 |
_aEl hombre y sus obras _919329 |
|
| 049 | _aBNGR | ||
| 999 |
_c21266 _d21266 |
||